000 00254nam a2200109Ia 4500
008 220204s9999 xx 000 0 und d
082 _a82-34
_bFAI
100 _aBarhara Ker
245 0 _aGreek fairy tales
260 _aBombay
_bSomaiya
_c1969
942 _cBK
999 _c31132
_d31132